
Library Catalogue

| 000 -LEADER | |
|---|---|
| fixed length control field | 01307cam a2200217 i 4500 |
| 001 - CONTROL NUMBER | |
| control field | 19535751 |
| 005 - DATE AND TIME OF LATEST TRANSACTION | |
| control field | 20251231060749.0 |
| 008 - FIXED-LENGTH DATA ELEMENTS--GENERAL INFORMATION | |
| fixed length control field | 170303t20162016ii a b f001 0 eng |
| 010 ## - LIBRARY OF CONGRESS CONTROL NUMBER | |
| LC control number | 2016363140 |
| 020 ## - INTERNATIONAL STANDARD BOOK NUMBER | |
| International Standard Book Number | 9788123022147 |
| 082 ## - DEWEY DECIMAL CLASSIFICATION NUMBER | |
| Edition number | 347.01 SUP |
| 245 00 - TITLE STATEMENT | |
| Title | Courts of India : |
| Remainder of title | past to present / |
| Statement of responsibility, etc. | Supreme Court of India |
| 264 #1 - PRODUCTION, PUBLICATION, DISTRIBUTION, MANUFACTURE, AND COPYRIGHT NOTICE | |
| Place of production, publication, distribution, manufacture | New Delhi : |
| Name of producer, publisher, distributor, manufacturer | Government of India, |
| Date of production, publication, distribution, manufacture, or copyright notice | 2016. |
| 300 ## - PHYSICAL DESCRIPTION | |
| Extent | 512 p. : |
| Other physical details | ill. ; |
| Dimensions | 29 cm. |
| 505 ## - FORMATTED CONTENTS NOTE | |
| Formatted contents note | The beginnings : indigenous judicial structures; The colonial conquests : the first courts (1500-1700); The charter trinity : the courts of Calcutta, Bombay and Madras (1726-1860); The foundations : the colonial high courts (1861-1950); The King-in-Council, Privy Council & Federal Court (1726-1950); The new judicial order : the Supreme Court of India & the high courts; The conscience-keeper of independent India : the Supreme Court; The guardians of justice : high courts under the Constitution; Famous trials : cases that made history; Ecosystem of justice : court hierarchies, administration and the legal profession |
| 650 #0 - SUBJECT ADDED ENTRY--TOPICAL TERM | |
| Topical term or geographic name entry element | Courts |
| Geographic subdivision | India. |
| 650 #0 - SUBJECT ADDED ENTRY--TOPICAL TERM | |
| Topical term or geographic name entry element | Justice, Administration of |
| Geographic subdivision | India. |
| 710 1# - ADDED ENTRY--CORPORATE NAME | |
| Corporate name or jurisdiction name as entry element | India. |
| Subordinate unit | Supreme Court, |
| 710 1# - ADDED ENTRY--CORPORATE NAME | |
| Corporate name or jurisdiction name as entry element | India. |
| Subordinate unit | Ministry of Information and Broadcasting. |
| -- | Publications Division, |
| Relator term | issuing body. |
| 942 ## - ADDED ENTRY ELEMENTS (KOHA) | |
| Source of classification or shelving scheme | Dewey Decimal Classification |
| Koha item type | BOOKs |
| Withdrawn status | Lost status | Damaged status | Not for loan | Home library | Current library | Shelving location | Date acquired | Total Checkouts | Full call number | Barcode | Date last seen | Price effective from | Koha item type | Source of classification or shelving scheme | Materials specified (bound volume or other part) | Source of acquisition | Cost, normal purchase price | Public note |
|---|---|---|---|---|---|---|---|---|---|---|---|---|---|---|---|---|---|---|
| . | . | 30.05.2017 | 347.01 SUP | 34705 | 30.05.2017 | 30.05.2017 | BOOKs | |||||||||||
| . | . | 30.05.2017 | 347.01 SUP-2 | 35100 | 30.05.2017 | 30.05.2017 | BOOKs | |||||||||||
| . | . | 12.10.2019 | 347.01 SUP-3 | 37782 | 12.10.2019 | 12.10.2019 | BOOKs | Dewey Decimal Classification | HB | Gratis | 1900.00 | Donated By Vice Chancellor's Office, NLSIU |